La práctica de la programación

Uloženo v:
Podrobná bibliografie
Hlavní autoři: Kernighan, Brian W (Autor), Pike, Rob (Autor)
Médium: Kniha
Jazyk:španělština
Vydáno: Ciudad de México Pearson Educación 2000
Témata:
Tagy: Přidat tag
Žádné tagy, Buďte první, kdo vytvoří štítek k tomuto záznamu!

MARC

LEADER 00000nam a2200000 a 4500
001 UCM7537
003 CL-VaPUC
008 021227e20000000MX |||||||||||||||||spa|d
082 0 4 |a 005.1  |b KER  |2 21 
100 |a Kernighan, Brian W  |e author  |9 473160 
700 0 |a Pike, Rob  |e author  |9 473161 
245 1 3 |a La práctica de la programación 
300 |a 266 p 
942 |c BK 
945 |d 20021227 00:00:00  |a vberengu 
260 |a Ciudad de México  |b Pearson Educación  |c 2000 
650 0 |a Algoritmos   |9 260639 
650 0 |a Programación de computadores   |9 259531 
650 0 |a Lenguajes de programación   |9 259458 
583 |a last modification  |c 20021227 00:00:00  |k Rodrigo Vera 
999 |c 302298  |d 302296 
952 |0 0  |1 0  |2 ddc  |4 0  |6 005_100000000000000_KER_2000  |7 0  |8 A  |9 362576  |a BIBING  |b BIBING  |c RES  |d 2019-11-21  |i 3869458  |o 005.1 KER 2000  |p 3869458  |r 2025-01-20  |w 2019-11-21  |y BK  |k CCI 
952 |0 0  |1 0  |2 ddc  |4 0  |6 005_100000000000000_KER_2000  |7 0  |8 A  |9 362577  |a BIBING  |b BIBING  |c RES  |d 2019-11-21  |i 3869466  |o 005.1 KER 2000  |p 3869466  |r 2025-01-20  |w 2019-11-21  |y BK  |k CCI 
952 |0 0  |1 0  |2 ddc  |4 0  |6 005_100000000000000_KER_2000  |7 0  |8 A  |9 362578  |a BIBING  |b BIBING  |c RES  |d 2019-11-21  |i 3869474  |o 005.1 KER 2000  |p 3869474  |r 2025-01-20  |w 2019-11-21  |y BK  |k CCI 
952 |0 0  |1 0  |2 ddc  |4 0  |6 005_100000000000000_KER_2000  |7 0  |8 A  |9 362579  |a BIBING  |b BIBING  |c RES  |d 2019-11-21  |i 3869482  |o 005.1 KER 2000  |p 3869482  |r 2025-01-20  |w 2019-11-21  |y BK  |k CCI 
952 |0 0  |1 0  |2 ddc  |4 0  |6 005_100000000000000_KER_2000  |7 0  |8 A  |9 362580  |a BIBING  |b BIBING  |c RES  |d 2019-11-21  |i 3869490  |o 005.1 KER 2000  |p 3869490  |r 2025-01-20  |w 2019-11-21  |y BK  |k CCI